| 000 | 00711nas a2200241 i 4500 | ||
|---|---|---|---|
| 001 | 2943 | ||
| 003 | ES-MaACL | ||
| 005 | 20250709062529.0 | ||
| 007 | t| | ||
| 008 | 070126d18941899fr a| | 0 ||re d | ||
| 080 | _a(44) | ||
| 080 | _a059 | ||
| 245 | 0 | 2 |
_aL'Almanach du Père Peinard _b: 1894-1896-1897-1898-1899. |
| 260 |
_aParis : _bSPAG-Papyrus, _c1984. |
||
| 300 |
_a1 v. (pag. var.) ; _c23 cm. |
||
| 362 | 0 | _a1894 (an 102)-1899 (an 108) | |
| 500 | _aReprod. facs. de la revista editada en París, 1894-1899. | ||
| 515 | _aNo se publicó en 1895. | ||
| 852 |
_aES-MaACL _jE-11528 _zBiblioteca Jacinto Martínez Lacalle |
||
| 866 | 0 | _o1894-1899 | |
| 942 |
_2udc _cPERIODICA |
||
| 999 |
_c2943 _d2943 |
||